书目信息 |
| 题名: |
大学英语四级词汇速记宝典
|
|
| 作者: | ;大学英语四六级考试命题研究小组 编 | |
| 分册: | ||
| 出版信息: | 北京 中国石化出版社 2004.07 |
|
| 页数: | 365页 | |
| 开本: | 20cm | |
| 丛书名: | 大学英语四六级考点冲刺系列 | |
| 单 册: | ||
| 中图分类: | H313.1 | |
| 科图分类: | ||
| 主题词: | 英语--词汇--高等学校--教学参考资料 | |
| 电子资源: | ||
| ISBN: | 7-80164-215-5 | |
| 000 | 01205nam 2200253 450 | |
| 001 | 0154790968 | |
| 005 | 20050531083803.09 | |
| 010 | @a7-80164-215-5@dCNY18.00 | |
| 100 | @a20050413d2004 km y0chiy0120 ea | |
| 101 | 0 | @achi@aeng |
| 102 | @aCN@b110000 | |
| 105 | @ay z 000yy | |
| 200 | 1 | @a大学英语四级词汇速记宝典@Ada xue ying yu si ji ci hui su ji bao dian@d= College English Band 4 Vocabulary@zeng@f大学英语四六级考试命题研究小组编@Fda xue ying yu si liu ji kao shi ming ti yan jiu xiao zu bian |
| 210 | @a北京@c中国石化出版社@d2004.07 | |
| 215 | @a365页@d20cm | |
| 225 | 2 | @a大学英语四六级考点冲刺系列@Ada xue ying yu si liu ji kao dian chong ci xi lie |
| 330 | @a本书精选近500个四级考试必须掌握的动词,扩展记忆1500多个常用词汇,联想记忆与动词相关的常用介词搭配以及名词、形容词短语及搭配等超过2000个,配合考点分析、例句、同义词辩异、真题范例及练习。 | |
| 410 | 0 | @12001 @a大学英语四六级考点冲刺系列 |
| 510 | 1 | @aCollege English Band 4 Vocabulary@zeng |
| 606 | 0 | @a英语@x词汇@x高等学校@x教学参考资料 |
| 690 | @aH313.1 @v4 | |
| 711 | 02 | @a大学英语四六级考试命题研究小组@Ada xue ying yu si liu ji kao shi ming ti yan jiu xiao zu@4编 |
| 801 | 0 | @aCN@bQSSK@c20050531 |
| 905 | @dH313.1@eD088 | |
| 大学英语四级词汇速记宝典= College English Band 4 Vocabulary/大学英语四六级考试命题研究小组编.-北京:中国石化出版社,2004.07 |
| 365页;20cm.-(大学英语四六级考点冲刺系列) |
| ISBN 7-80164-215-5:CNY18.00 |
| 本书精选近500个四级考试必须掌握的动词,扩展记忆1500多个常用词汇,联想记忆与动词相关的常用介词搭配以及名词、形容词短语及搭配等超过2000个,配合考点分析、例句、同义词辩异、真题范例及练习。 |
| ● |
| 相关链接 |
|
|
|
正题名:大学英语四级词汇速记宝典
索取号:H313.1/D088
 
预约/预借
| 序号 | 登录号 | 条形码 | 馆藏地/架位号 | 状态 | 备注 |
| 1 | 499265 | 204992650 | 语言库209/209语言库 32排1列2层/ [索取号:H313.1/D088] | 在馆 | |
| 2 | 499266 | 204992669 | 语言库209/209语言库 32排1列2层/ [索取号:H313.1/D088] | 在馆 | |
| 3 | 499267 | 204992678 | 语言库209/209语言库 32排1列2层/ [索取号:H313.1/D088] | 在馆 |